The status of labor in Puerto Rico, Alaska [and] Hawaii. (Record no. 36917)

MARC details
000 -LEADER
fixed length control field 00967cam a22002651 4500
001 - CONTROL NUMBER
control field l 56000121
003 - CONTROL NUMBER IDENTIFIER
control field DLC
005 - DATE AND TIME OF LATEST TRANSACTION
control field 20260227111544.0
008 - FIXED-LENGTH DATA ELEMENTS--GENERAL INFORMATION
fixed length control field 850528s1956 dcua b f000 0 eng c
010 ## - LIBRARY OF CONGRESS CONTROL NUMBER
LC control number l 56000121
035 ## - SYSTEM CONTROL NUMBER
System control number (OCoLC)12086030
040 ## - CATALOGING SOURCE
Original cataloging agency U.S. Dept. of Labor. Library
Transcribing agency AU
Modifying agency OCoLC
-- DLC
042 ## - AUTHENTICATION CODE
Authentication code premarc
050 00 - LIBRARY OF CONGRESS CALL NUMBER
Classification number HD8051
Item number .A62 no. 1191
110 1# - MAIN ENTRY--CORPORATE NAME
Corporate name or jurisdiction name as entry element United States.
Subordinate unit Bureau of Labor Statistics.
245 14 - TITLE STATEMENT
Title The status of labor in Puerto Rico, Alaska [and] Hawaii.
260 ## - PUBLICATION, DISTRIBUTION, ETC.
Place of publication, distribution, etc. Washington,
Name of publisher, distributor, etc. U.S. Govt. Print. Off.,
Date of publication, distribution, etc. 1956.
300 ## - PHYSICAL DESCRIPTION
Extent viii, 99 p.
Other physical details illus.
Dimensions 26 cm.
410 10 - SERIES STATEMENT/ADDED ENTRY--CORPORATE NAME [OBSOLETE, CAN/MARC], [LOCAL, USA]
Corporate name or jurisdiction name as entry element United States.
Subordinate unit Bureau of Labor Statistics.
Title of a work Bulletin
Volume number/sequential designation no. 1191
500 ## - GENERAL NOTE
General note "Reprint from the Monthly labor review, December 1955."
504 ## - BIBLIOGRAPHY, ETC. NOTE
Bibliography, etc. note "Bibliography on labor conditions, labor problems, labor economics [by] Margarete McBride": p. 94-99.
650 #0 - SUBJECT ADDED ENTRY--TOPICAL TERM
Topical term or geographic name entry element Labor
Geographic subdivision Puerto Rico.
650 #0 - SUBJECT ADDED ENTRY--TOPICAL TERM
Topical term or geographic name entry element Labor
Geographic subdivision Alaska.
650 #0 - SUBJECT ADDED ENTRY--TOPICAL TERM
Topical term or geographic name entry element Labor
Geographic subdivision Hawaii.

No items available.

Powered by Koha